ՀՀ Գիտությունների ազգային ակադեմիայի հիմնարար գիտական գրադարան  =   Fundamental Scientific Library of NAS RA

Эфемериды малых планет на 1975 год / (Record no. 74954)

MARC details
000 -LEADER
fixed length control field 00883nam a2200217 u 4500
001 - CONTROL NUMBER
control field 000214208
003 - CONTROL NUMBER IDENTIFIER
control field AM-YeHGA
005 - DATE AND TIME OF LATEST TRANSACTION
control field 20250617124218.0
008 - FIXED-LENGTH DATA ELEMENTS--GENERAL INFORMATION
fixed length control field 990504s1974 ||||||||||||||||||||rus d
040 ## - CATALOGING SOURCE
Original cataloging agency AM-YeHGA
090 ## - LOCALLY ASSIGNED LC-TYPE CALL NUMBER (OCLC); LOCAL CALL NUMBER (RLIN)
-- 76182
245 00 - TITLE STATEMENT
Title Эфемериды малых планет на 1975 год /
Statement of responsibility, etc. Редкол.: Г.А. Чеботарев и др. ; АН СССР. Ин-т теоретической астрономии.
246 35 - VARYING FORM OF TITLE
Title proper/short title Ephemerides of minor planets for 1975
260 ## - PUBLICATION, DISTRIBUTION, ETC.
Place of publication, distribution, etc. Ленинград :
Name of publisher, distributor, etc. Наука. Ленингр. отд-ние ,
Date of publication, distribution, etc. 1974.
300 ## - PHYSICAL DESCRIPTION
Extent 183 с.
650 14 - SUBJECT ADDED ENTRY--TOPICAL TERM
Topical term or geographic name entry element Планеты малые
650 14 - SUBJECT ADDED ENTRY--TOPICAL TERM
Topical term or geographic name entry element Эфемериды малых планет
700 1# - ADDED ENTRY--PERSONAL NAME
Personal name Чеботарев, Г.А.
Relationship edt
700 1# - ADDED ENTRY--PERSONAL NAME
Personal name Ашкова, Н.В.
Relationship edt
710 2# - ADDED ENTRY--CORPORATE NAME
Corporate name or jurisdiction name as entry element Институт теоретической астрономии АН СССР
Holdings
Withdrawn status Lost status Damaged status Not for loan Collection Home library Current library Date acquired Total checkouts Full call number Barcode Date last seen Price effective from Koha item type Public note
        General Fundamental Scientific Library Fundamental Scientific Library 22/12/2016   PIII/37785 FL0375973 22/12/2016 22/12/2016 Գրքեր / Books 30 Days Loan


ՀՀ ԳԱԱ հիմնարար գիտական գրադարան
ՀՀ,Երևան 0019
Մարշալ Բաղրամյան 24/6
հեռախոս:(374-10) 52-47-50
Հետադարձ կապ

All site content, except where otherwise noted, is licensed under a
Creative Commons License